Statistics for Top 25 Worst Countries To Live In

Click here to take the quiz!

General Stats

  • This quiz has been taken 279 times
  • The average score is 18 of 25

Answer Stats

PositionCountriesContinent% Correct
13Democratic Republic of the CongoAfrica
91%
1NigerAfrica
89%
23SudanAfrica
87%
20South SudanAfrica
85%
4ChadAfrica
82%
10MaliAfrica
81%
2Central African RepublicAfrica
79%
15EthiopiaAfrica
75%
24HaitiNorth America
73%
3EritreaAfrica
72%
18AfghanistanAsia
71%
6Burkina FasoAfrica
71%
14The GambiaAfrica
71%
25UgandaAfrica
71%
9MozambiqueAfrica
70%
21DjiboutiAfrica
69%
8Sierra LeoneAfrica
69%
7GuineaAfrica
68%
19SenegalAfrica
68%
5BurundiAfrica
66%
11Guinea-BissauAfrica
66%
12LiberiaAfrica
66%
16MalawiAfrica
63%
22YemenAsia
63%
17Côte d’IvoireAfrica
62%

Score Distribution

Percentile by Number Answered

Percent of People with Each Score

Your Score History

You have not taken this quiz